00321nam a2200133Ia 450000500170000000800410001702000150005808200130007310000130008624500200009926000410011930000170016065000100017720241118041538.0240331s9999 xx 000 0 und d a1852240938 bMURa823 aMurphy,R 4aThe mirror wall a NewcastlebBloodaxe Books Ltdc1989 axx, 64 p ., aPoems